=LDR 00000nam 2200000 4500 =001 INLIS000000000022416 =005 20130612121156 =008 ***********************************Ind** =035 ##$$0010-061300000022416 =041 ##$$a Ind =082 ##$$a 669.042 =090 ##$$a 669.042, Gro-p =100 ##$$a Grunendijk, G =245 ##$$a Pengujian materi, G. Groenendijk, J. van der Linde, Ir. Sobandi Sachri =260 ##$$a 1984 $b Jakarta =300 ##$$a vii, 161 hlm., ilus., 21 cm =650 ##$$a Besi-pengujian =850 ##$$a NBPNMAT